00842nam a2200229Ia 4500008004100000020001500041020001500056040001800071041000800089100002000097245008000117260006100197300002400258490003100282504005300313600004700366650001600413650002900429650001300458856006600471856007500537130821s1994 enk gr eng  a0521391350 a0521398169 aCo-BoUCMbspa00aeng1 aCarl, Wolfgang.10aFrege's theory of sense and reference its origins and scopecWolfgang Carl aCambridge (Inglaterra)bCambridge University Pressc1994 aviii, 220 páginas 0aModern European philosophy aIncluye referencias bibliográficas e índice.10aGottlob Frege, Friedrich Ludwigd1848-192504aFilosofía04aReferencia (Filosofía)04aSentidos413Contenidouhttp://www.loc.gov/catdir/toc/cam025/93048145.html423Publicadoruhttp://www.loc.gov/catdir/description/cam026/93048145.html